| 000 | 01076nas a2200313 4500 | ||
|---|---|---|---|
| 001 | BR8707976 | ||
| 003 | BR-BrBNA | ||
| 005 | 20231205090953.0 | ||
| 007 | ta | ||
| 008 | 230509b bl.|||p| |||| 00| 00por d | ||
| 040 |
_aBR-BrBNA _bpor _cBiblioteca Nacional de Agricultura |
||
| 041 | _a(Pt) | ||
| 072 | _aF01 | ||
| 100 | 1 | _aSantos, H.P. dos | |
| 100 | 1 | _aPereira, L.R. | |
| 245 | 1 | _aRotacao de cultura, 7: efeito de culturas de inverno sobre o rendimento de graos e algumas caracteristicas agronomicas das plantas de soja, no periodo de 1979-1985 | |
| 246 | 1 | _aCrop rotation, 7: effects of winter crops on yield and on some agronomic characteristics of soybean plants from 1979 to 1985 | |
| 650 | _aTRIGO | ||
| 650 | _aAVEIA | ||
| 650 | _aCOLZA | ||
| 650 | _aLINHO | ||
| 650 | _aTREMOCO | ||
| 650 | _aSOJA | ||
| 650 | _aROTACAO DE CULTURA | ||
| 650 | _aPLANTIO DIRETO | ||
| 773 | 0 |
_tPesquisa Agropecuaria Brasileira (Brazil) _xISSN 0100-204X _g(Jan 1987), v. 22(1) p. 63-70 _wBR8707976 |
|
| 909 |
_a202311 _bLúcia _c55 _dLúcia Elande |
||
| 942 |
_2AGRIS _n0 _cANA |
||
| 999 |
_c121957 _d121957 |
||